000 00491nam a22001937a 4500
005 20160712112914.0
008 160712b xxu||||| |||| 00| 0 eng d
020 _c40.00
040 _aLoreto college
041 _aEnglish
082 _a891.443
_bCHA
100 _aChattopadhyay, Sarat Chandra
245 _aPallisamaj
_cSarat Chandra Chattopadhyay
260 _aKolkata
_bDey's Publishing
_c1996
300 _a96p
_b22cm
650 _aFiction-Bengali
850 _aLCLIB
942 _cBK
999 _c40653
_d91132